000 01238nam a2200289Ia 4500
003 OSt
005 20221005110224.0
006 a|||||r|||| 00| 0
007 ta
008 221004b |||||||| |||| 00| 0 kan d
020 _a8126002646 (pbk)
_c225
024 _a93693
037 _b529, 19/03/2009, Vani Prakashan
_cTextual
040 _aCRL
_cCRL
_bkan
041 _2kan
_akan
082 _aO33,2N37,SS, 152N7
100 _aकम्बार, चन्द्रशेखर
245 0 _aसिरि संपिगे, अनु0 बी. आर. नारायण
246 _aSiri sanpige, anu bī ār nārāyaṇa
260 _aनई दिल्ली
_bसाहित्य अकादेमी भारत
_c1997
300 _a78पृ0
_ccm.
490 _aसाहित्य अकादेमी द्वारा पुरस्कृत कन्नड़ नाटक
650 _aकन्नड़ साहित्य
700 _a नारायण, बी. आर.
942 _hO33,2N37,SS, 152N7
_cTEXL
_2cc
999 _c1018159
_d1018159